Basic mechanisms of gastrointestinal mucosal cell injury and protection / (Record no. 66171)
[ view plain ]
| 000 -LEADER | |
|---|---|
| fixed length control field | 00960nam a2200277 a 4500 |
| 001 - CONTROL NUMBER | |
| control field | 66171 |
| 003 - CONTROL NUMBER IDENTIFIER | |
| rucl marc code | BD-RjUL |
| 005 - DATE AND TIME OF LATEST TRANSACTION | |
| control field | 20211209081516.0 |
| 008 - FIXED-LENGTH DATA ELEMENTS--GENERAL INFORMATION | |
| fixed length control field | 170314s1981 enka b 001 0 eng d |
| 020 ## - INTERNATIONAL STANDARD BOOK NUMBER | |
| International Standard Book Number | 0683038923 |
| 035 ## - SYSTEM CONTROL NUMBER | |
| System control number | (BD-RjUL)66301 |
| 040 ## - CATALOGING SOURCE | |
| Original cataloging agency | BD-RjUL |
| Transcribing agency | BD-RjUL |
| Modifying agency | BD-RjUL |
| Language of cataloging | eng |
| 041 ## - LANGUAGE CODE | |
| Language code of text/sound track or separate title | eng |
| 082 00 - DEWEY DECIMAL CLASSIFICATION NUMBER | |
| Classification number | 616.33 |
| Edition number | 23 |
| Author mark and year | BAS 1981 |
| 245 00 - TITLE STATEMENT | |
| Title | Basic mechanisms of gastrointestinal mucosal cell injury and protection / |
| Statement of responsibility, etc. | edited by John W. Harmon. |
| 260 ## - PUBLICATION, DISTRIBUTION, ETC. (IMPRINT) | |
| Place of publication, distribution, etc. | Baltimore : |
| Name of publisher, distributor, etc. | Williams & Wilkins, |
| Date of publication, distribution, etc. | c1981. |
| 300 ## - PHYSICAL DESCRIPTION | |
| Pagination | xvi, 415 p. : |
| Illustrations | ill. ; |
| Size | 24 cm. |
| 504 ## - BIBLIOGRAPHY, ETC. NOTE | |
| Bibliography, etc | Includes bibliographical references and index. |
| 650 #0 - SUBJECT ADDED ENTRY--TOPICAL TERM | |
| Topical term or geographic name as entry element | Gastrointestinal system |
| General subdivision | Diseases. |
| 9 (RLIN) | 195804 |
| Topical term or geographic name as entry element | Gastric mucosa |
| General subdivision | Diseases. |
| 9 (RLIN) | 195805 |
| Topical term or geographic name as entry element | Gastric mucosa |
| General subdivision | Pathology. |
| 9 (RLIN) | 195806 |
| Topical term or geographic name as entry element | Gastrointestinal diseases |
| General subdivision | Pathology. |
| 9 (RLIN) | 195807 |
| Topical term or geographic name as entry element | Intestinal mucosa |
| General subdivision | Pathology. |
| 9 (RLIN) | 195808 |
| 700 1# - ADDED ENTRY--PERSONAL NAME | |
| Personal name | Harmon, John W. |
| 942 ## - ADDED ENTRY ELEMENTS (KOHA) | |
| Source of classification or shelving scheme | Dewey Decimal Classification |
| Koha item type | Books |
| Lost status | Source of classification or shelving scheme | Damaged status | Not for loan | Collection code | Permanent Location | Current Location | Shelving location | Date acquired | Source of acquisition | Total Checkouts | Full call number | Date last seen | Copy number | Koha item type |
|---|---|---|---|---|---|---|---|---|---|---|---|---|---|---|
| Dewey Decimal Classification | Not For Loan | Non-fiction | Central Library, University of Rajshahi | Central Library, University of Rajshahi | Reading Room | 12/02/1991 | R.U.L., Photocopy | 616.33 BAS 1981 | 14/03/2017 | C-1 | Books |